[Event "Negros Open 2017"]
[Site "Bacolod City"]
[Date "2017.10.12"]
[Round "2"]
[White "Montoya, Edsel"]
[Black "Dableo, Ronald"]
[Result "1-0"]
[WhiteElo "2262"]
[BlackElo "2419"]
[Annotator "TA"]
[PlyCount "129"]
[EventDate "2017.??.??"]
[EventType "swiss"]
[EventCountry "PHI"]
[SourceTitle "playchess.com"]
[Source "ChessBase"]
[SourceQuality "1"]

{[%evp 16,129,19,15,35,41,44,-101,-113,-96,-46,-55,-35,-41,-46,-79,-39,-74,-80,-74,-62,-92,-63,-105,-111,-131,-124,-170,-172,-185,-142,-169,-149,-159,-164,-164,-163,-185,-183,-188,-185,-214,-210,-204,-197,-217,-216,-225,-209,-229,-214,-241,-230,-194,-195,-366,-364,-472,-287,-264,-194,-194,-208,-208,-191,-189,-156,-169,-69,-72,-37,-43,0,0,0,-27,-40,-48,-19,-22,-15,-16,-16,-18,-18,-23,-25,-22,-22,-23,-12,-12,-15,-8,0,0,16,16,272,265,402,397,1400,1446,1664,1696,29976,29977,29987,29988,29990,29988,29992,29988,29988,29989]} 1. d4 d5 2. c4 c6 3. Nc3 Nf6 4. Nf3 a6 5. e3 Bf5 6. Be2 {D15: Slav Defence: 4 Nc3 a6 and gambit lines after 4 Nc3 dxc4} h6 7. O-O (7. Qb3 b5 8. cxd5 cxd5 9. a4 b4 10. Qxb4 Nc6 11. Qb3 e6 12. O-O Bd6 13. a5 O-O {½-½ (102) Wojtaszek,R (2736)-Fedoseev,V (2726) Dortmund 2017}) 7... e6 8. Bd3 Bxd3 9. Qxd3 {LiveBook: 37 Games} b5 10. b3 Nbd7 11. Ne5 $146 (11. e4 $14 {stays ahead.}) ({Predecessor:} 11. a3 Be7 12. e4 bxc4 13. bxc4 dxe4 14. Nxe4 O-O {1-0 (40) Myshkin,N (2268)-Gordievsky,D (2406) Moscow 2012}) 11... dxc4 $17 12. Qc2 cxb3 13. axb3 Qb6 14. f4 Be7 15. f5 exf5 16. Nxd7 Nxd7 17. Qxf5 Nf6 $1 18. Qe5 Rd8 {[%cal Ba8d8,Bd8d6,Bd6e6][%mdl 32]} 19. Bb2 Rd6 20. Qf5 O-O $1 {[%cal Bh8f8,Bf8d8,Bd8d5][%mdl 32]} 21. Rf3 Re6 $1 22. Kh1 Rd8 23. Ne2 Rd5 24. Qc2 {[#]} Bd6 $1 25. Raf1 {intending e4.} Qd8 26. h3 Qe8 27. Bc1 b4 28. Nf4 Bxf4 $1 29. Rxf4 Ne4 {White must now prevent ...Ng3+.} 30. Kg1 f6 31. Qc4 a5 32. Qc2 h5 33. R1f3 Qg6 34. Qc4 Kh7 35. Kh2 $2 {[#]} (35. Rf1) 35... Rg5 $1 $19 {[%mdl 512]} 36. g4 (36. Qxe6 $2 {gets mated.} Rxg2+ 37. Kh1 Rg1+ 38. Kh2 Qg2#) 36... Rd5 37. Qc2 Ng5 38. Rf2 Qxc2 39. Rxc2 hxg4 40. hxg4 Ne4 41. Kg2 g6 (41... g5 $19 42. Rf1 Kg6) 42. Kf3 $1 $15 f5 (42... Ng5+ {keeps more tension.} 43. Ke2 Kg7 44. Bb2 Rd7 45. Kd3 Rde7) 43. gxf5 Rxf5 (43... gxf5 {seems wilder.} 44. Rh4+ Kg7 45. Rch2 Ng5+ 46. Ke2 Nf7) 44. Rxf5 gxf5 {[%mdl 4096] Endgame KRB-KRN} 45. Kf4 Kg6 46. Rg2+ Kf7 47. Kxf5 Nd6+ 48. Kf4 Rf6+ 49. Ke5 Ke7 {[%csl Gd6][%cal Rf6f5]} 50. Rg7+ Nf7+ 51. Ke4 Rf1 52. Bd2 Rb1 53. Rg6 Rxb3 {Threatens to win with ...Nd6+.} 54. Rxc6 Kd7 55. Ra6 Nd6+ 56. Kd5 Nb7 $2 {[%mdl 8192] [#]} (56... Ne8 $11) 57. e4 $1 $18 {[%cal Be3e4,Be4e5,Be5e6,Be6e7][%mdl 32]} Rf3 (57... Rb2 $142) 58. e5 {And now e6+ would win.} Kc7 $2 (58... Rf5 59. Ke4 Rh5) 59. Rc6+ Kb8 60. e6 {Intending e7 and mate.} Rf5+ 61. Kc4 {White mates.} Rf8 62. e7 Rg8 63. d5 Rg4+ {[#]} 64. Bf4+ $1 {[%mdl 512]} Rxf4+ 65. Kd3 {Precision: White = 42%, Black = 51%.} 1-0

[Event "Negros Open 2017"]
[Site "Bacolod City"]
[Date "2017.10.13"]
[Round "3"]
[White "Grigoryan, Karen H"]
[Black "Montoya, Edsel"]
[Result "0-1"]
[WhiteElo "2586"]
[BlackElo "2262"]
[Annotator "TA"]
[PlyCount "189"]
[EventDate "2017.??.??"]
[EventType "swiss"]
[EventCountry "PHI"]
[SourceTitle "playchess.com"]
[Source "ChessBase"]
[SourceQuality "1"]

{[%evp 33,189,-11,-11,-3,-28,-14,-4,-12,-5,-14,-11,-27,-4,-51,-51,-60,-50,-60,-81,-217,-214,-220,-230,-684,-206,-204,-218,-220,-218,-208,-199,-208,-139,-129,-130,-155,-166,-267,-272,-281,-293,-279,-201,-324,-303,-340,-329,-366,-374,-374,-374,-365,-354,-318,-304,-304,-299,-295,-269,-29971,-29972,-29972,-29969,-29970,-29957,-29971,-29972,-29972,-29973,-29972,-29973,-29974,-29975,-29974,-29975,-29976,-29974,-29974,-29975,-29975,-29977,-29977,-29978,-29977,0,-29975,-29970,-29975,-29976,-29976,-29970,-29983,-29984,-29984,-29972,-29971,-29970,-29967,-29969,-29976,-29977,-29976,-29977,-12790,0,-6448,0,-8583,-4127,-29975,-5410,-4303,0,-4303,-4254,-4127,-4127,-4127,-4128,-29978,-29979,-29980,-29981,-29981,-29982,-29982,-29983,-29983,-29983,-29983,0,-29983,-29983,-29983,0,-29983,-29984,-29985,-29981,-29981,-29982,-29982,-29983,-29983,-29983,-29984,-29984,-29984,-148,-29984,-29985,-29985,-29986,-29986,-29987,-29987,-29988,-29992]} 1. e4 c5 2. Nf3 d6 3. d4 cxd4 4. Nxd4 Nf6 5. Nc3 g6 6. Be3 Bg7 7. f3 O-O 8. Qd2 Nc6 9. Bc4 Bd7 10. O-O-O Rc8 11. Bb3 Ne5 12. Kb1 Re8 13. g4 {B78: Sicilian Dragon: Yugoslav Attack, 9 Bc4 Bd7 10 0-0-0 Rc8} b5 14. g5 b4 15. Nce2 Nh5 16. Ng3 a5 17. Nxh5 gxh5 {LiveBook: 7 Games} 18. Nf5 a4 19. Bd5 Bxf5 20. exf5 e6 {[#]} 21. f4 $146 exd5 22. fxe5 Bxe5 23. Rhg1 (23. g6 $5 Qc7 24. gxf7+ Qxf7 25. Rhf1 $11) 23... Qc7 24. g6 Qc4 $1 25. gxf7+ Kxf7 26. Rc1 (26. b3 $17 axb3 27. axb3) 26... b3 $1 $19 {[%cal Rb3a2]} 27. axb3 axb3 28. Rg2 $2 (28. Qd1 bxc2+ 29. Rxc2 Qxc2+ 30. Qxc2 Rxc2 31. Kxc2) 28... bxc2+ $2 (28... Ra8 {( -> ...bxc2+)} 29. cxb3 Qxb3 30. Rc7+ Re7 31. Rxe7+ Kxe7 32. f6+ Ke6) 29. Rxc2 Qxc2+ $40 {[%mdl 128] Black attacks with force.} 30. Qxc2 Rxc2 31. Kxc2 {[#]} Bxb2 $1 {[%mdl 4608] Endgame KRB-KRB} 32. Kd3 (32. Kxb2 Rxe3) 32... Bf6 33. Ra2 Re7 34. Ra8 Rb7 35. Ra4 (35. Bh6 $142) 35... Be5 36. Bg5 h6 (36... Bxh2 37. Rh4 $19) 37. Bh4 Rc7 38. Ra3 (38. Ra2 $142) 38... Bxh2 39. Ra5 Be5 40. Rxd5 Rc3+ 41. Ke2 Rc4 42. Bd8 Ke8 43. Bb6 Rf4 44. Be3 Rxf5 45. Rd1 h4 46. Rf1 $2 (46. Rh1 $19) 46... Rxf1 47. Kxf1 {KB-KB} h5 48. Kg2 d5 49. Kh3 Bf6 50. Bf2 Kf7 51. Be3 Ke6 52. Bf2 Kf5 53. Bb6 Ke4 54. Bc5 Kd3 55. Bb6 Kc4 56. Be3 Be7 57. Bf2 Bc5 58. Be1 Be7 59. Bf2 $1 Bg5 60. Bg1 Kd3 61. Bb6 Ke2 62. Bc5 Be3 63. Bb4 Bf2 64. Bc3 Kd3 65. Be5 Be1 66. Bf6 Kc4 67. Be5 Bc3 68. Bf4 Bf6 69. Be3 $1 Kd3 70. Bb6 $1 Bg5 71. Bc5 Ke2 (71... Ke4 $142 72. Bb6 Be3 73. Ba5 Bf2 74. Kg2 Bg3 75. Bb6 Kf5 76. Kh3 Ke4 77. Bc5 Kf3 78. Bd4 Bf2 79. Bb2 Ke4 80. Bf6 Bg3 81. Bc3 Kd3 82. Bf6 Ke4 83. Bc3 Be5 84. Ba5 Bf6 85. Bb6 Bg5 86. Bc5 Kf3 87. Bd4 Ke4 88. Bg7 Bd8 89. Bc3 Kf5 90. Bd4 Bf6 91. Bb6 Ke5 92. Ba7 Bg5 93. Bg1 Ke4 94. Bb6 Kd3 95. Kg2 Bf6 96. Kf3 Bg5 97. Kg2 Be3 98. Ba5 Ba7) 72. Bd4 Kd3 $2 (72... Kf3 $19 {White must now prevent ...Ke4.} 73. Bc3 Ke4) 73. Bb6 $2 {[%mdl 8192]} (73. Bc5 $11 Be3 74. Be7) 73... Be3 74. Bd8 Bf2 75. Bf6 Ke4 76. Bc3 Bg3 77. Bb2 Be5 78. Ba3 d4 {[%cal Bd5d4,Bd4d3][%mdl 32]} 79. Kxh4 d3 80. Bb4 {[#]} Bd6 $1 {[%mdl 512]} 81. Bc3 (81. Bxd6 d2) 81... Be5 $2 (81... Kf3 82. Bd2 Bg3+ 83. Kxh5 Ke2 84. Bb4 Be1 85. Bxe1 Kxe1 86. Kg5 d2 87. Kg6 d1=Q 88. Kf7 Qd7+ 89. Kg6 Kf2 90. Kf6 Qe8 91. Kg7 Ke3 92. Kh6 Qg8 93. Kh5 Kf4 94. Kh6 Kf5 95. Kh5 Qh8#) 82. Ba5 $2 {[%mdl 8192] [#]} (82. Bb4 $11 Kf3 83. Bd2) 82... Bc7 $1 {[%mdl 512]} 83. Bc3 (83. Bxc7 d2) 83... Be5 $2 (83... Kf3 84. Bb4 Bg3+ 85. Kxh5 Ke2 86. Ba5 Be1 87. Bd8 d2 88. Bf6 d1=Q 89. Kg5 Qd5+ 90. Kg6 Qg8+ 91. Kf5 Qf7 92. Ke5 Bc3+ 93. Kd6 Bxf6 94. Kc5 Kd3 95. Kc6 Kc4 96. Kb6 Bd8+ 97. Ka6 Kd4 98. Kb5 Qc4#) 84. Ba5 $2 {[%mdl 8192]} (84. Bb4 $11 Kf3 85. Bd2) 84... Kf3 85. Kxh5 Bf4 86. Kg6 Ke2 $1 (86... d2 87. Bxd2 $1 $11 {[%mdl 512]}) 87. Kf5 Bd2 $1 (87... d2 88. Bxd2 $11) 88. Bd8 Kf3 89. Be7 Bc3 90. Bg5 Bb4 $2 (90... d2 91. Bxd2 $1 $11 {[%mdl 512]}) (90... Be1 $1 {mates} 91. Ke6 Bf2 92. Bd2 Ke2 93. Bb4 Be1 94. Bxe1 Kxe1 95. Ke7 d2 96. Kd6 d1=Q+ 97. Ke6 Kf2 98. Ke7 Kf3 99. Kf6 Kf4 100. Kf7 Kf5 101. Ke7 Qd5 102. Kf8 Qd7 103. Kg8 Kf6 104. Kh8 Qg7#) 91. Bf4 $2 {[%mdl 8192]} (91. Ke5 $17) 91... Be1 {Black mates.} ({Stronger than} 91... d2 92. Bxd2 $1 $11 {[%mdl 512]}) 92. Bg5 Bf2 $1 ({And not} 92... d2 93. Bxd2 $1 $11 {[%mdl 512]}) 93. Bd2 Ke2 94. Bb4 Be1 ({Inferior is} 94... d2 {[#]} 95. Bxd2 $1 $11 {[%mdl 512]}) 95. Kf4 {Precision: White = 38%, Black = 69%.} 0-1

[Event "Negros Open 2017"]
[Site "Bacolod City"]
[Date "2017.10.13"]
[Round "3"]
[White "Narayanan, Srinath"]
[Black "Montoyo, Ted Ian"]
[Result "1-0"]
[WhiteElo "2511"]
[BlackElo "2297"]
[Annotator "TA"]
[PlyCount "95"]
[EventDate "2017.??.??"]
[EventType "swiss"]
[EventCountry "PHI"]
[SourceTitle "playchess.com"]
[Source "ChessBase"]
[SourceQuality "1"]

{[%evp 11,95,54,80,66,70,50,56,53,52,11,38,20,3,-58,-76,-45,33,33,47,55,39,59,74,0,38,0,52,27,227,206,253,259,535,0,0,0,0,0,0,0,486,487,507,504,498,508,502,502,500,500,498,483,488,479,511,508,490,496,510,510,655,649,645,632,663,655,702,705,697,681,677,677,675,667,816,809,916,915,906,905,992,997,1029,1027,1012,1003]} 1. e4 d6 2. d4 c6 3. Nc3 e5 4. Nf3 Nd7 5. a4 a5 6. Bc4 {C41: Philidor Defence} Be7 {LiveBook: 5 Games} 7. dxe5 dxe5 8. Ng5 {White is slightly better.} Nh6 9. Ne6 fxe6 10. Bxh6 $1 Nb6 $1 11. Qh5+ $146 ({Predecessor:} 11. Qe2 Nxc4 12. Bxg7 Rg8 13. Rd1 {1-0 (21) Fluvia Poyatos,J (2455)-Huici Bentue,D Girona 2003}) 11... Kf8 $1 12. Bxe6 (12. Be2 $11) 12... Bxe6 $15 13. Qxe5 Bf6 (13... Rg8 $15 14. Be3 (14. Qxe6 gxh6 15. Qxh6+ Rg7 $17) 14... Kf7) 14. Qxe6 $14 gxh6 15. e5 Bg7 $1 16. Qf5+ {[%mdl 1024] White has compensation.} Kg8 17. Qe6+ Kf8 18. Qf5+ Ke7 (18... Kg8 $11) 19. O-O $1 {Hoping for e6.} Qd4 $2 (19... Qf8 $11 {and Black has nothing to worry.} 20. Qd3 Rd8) 20. Rad1 $18 Qc5 21. Qg4 $1 {[%cal Rg4g7]} Kf7 $2 (21... Kf8 22. Rfe1 Qe7) 22. Rfe1 $2 (22. Ne4 $18 Qxe5 23. Nd6+ Kg8 24. Nf5) 22... Rhe8 $11 23. e6+ {[%cal Be5e6,Be6e7][%mdl 32]} Kg8 24. Ne4 {[%cal Bc3e4,Be4d6,Bd6f5][%mdl 32]} Qe7 $1 {[%cal Re7e6]} 25. Nd6 $36 {[%mdl 2048] White has some pressure.} Red8 $2 {[%mdl 8192] [#]} (25... Rf8 $1 $11) 26. Nf5 $1 $18 {[%csl LRe7,LRh6] White is clearly winning.} Qf6 27. Rxd8+ Rxd8 28. e7 ({Inferior is} 28. Nxg7 Qxg7 29. e7 Re8 $15) 28... Re8 29. Qh5 Qg6 {[#]} 30. Qxg6 $1 hxg6 31. Nd6 $1 {[%csl LRb7,LRe8]} Rxe7 32. Rxe7 Bxb2 33. Nxb7 Nxa4 {[%mdl 4096] Endgame KRN-KBN} 34. Re6 Nc3 35. Nxa5 c5 36. Rxg6+ Kf7 37. Rc6 Ba3 38. Nb3 Ke7 39. Nxc5 Ne2+ 40. Kf1 Nd4 41. Rc7+ Kd6 42. Na6 Nb5 43. Rh7 Bc1 44. Nb4 Bd2 45. Nd3 Kd5 46. Ke2 Bg5 47. f4 Nd4+ 48. Kd1 {Precision: White = 62%, Black = 36%.} 1-0

[Event "Negros Open 2017"]
[Site "Bacolod City"]
[Date "2017.10.13"]
[Round "3"]
[White "Tran, Minh Thang"]
[Black "Short, Nigel D"]
[Result "1/2-1/2"]
[WhiteElo "2352"]
[BlackElo "2698"]
[Annotator "TA"]
[PlyCount "76"]
[EventDate "2017.??.??"]
[EventType "swiss"]
[EventCountry "PHI"]
[SourceTitle "playchess.com"]
[Source "ChessBase"]
[SourceQuality "1"]

{[%evp 9,76,31,27,28,31,13,14,14,19,9,12,17,17,17,11,20,16,15,23,0,43,52,62,188,42,41,64,50,87,93,97,43,29,24,28,25,101,-45,-35,-54,-54,-58,-56,-67,-67,-56,-20,-22,0,-18,-4,-8,-10,-24,-31,-61,0,0,0,0,0,0,0,0,0,0,0,0,0]} 1. d4 Nf6 2. c4 e6 3. Nf3 a6 4. Nc3 d5 5. cxd5 exd5 6. Bg5 {D37: Queen's Gambit Declined: 5 Bf4} Be7 (6... Be6 7. e3 Nbd7 8. Bd3 Bd6 9. O-O c6 10. Bf4 Qc7 11. Bxd6 Qxd6 12. h3 O-O 13. Qc2 a5 {½-½ (23) Matlakov,M (2728)-Andreikin,D (2706) Tbilisi 2017}) 7. Qc2 O-O 8. e3 Be6 9. h3 Nbd7 10. Bd3 h6 11. Bf4 c5 12. dxc5 Nxc5 13. O-O Rc8 $146 14. Be5 d4 15. Bxf6 $1 ({Much weaker is} 15. Nxd4 Nxd3 16. Qxd3 Bc4 $15) 15... dxc3 16. Bh7+ Kh8 17. Bxc3 f5 18. Bg6 Bf6 {[#]} 19. Rad1 $1 {[%cal Rd1d8]} Qe7 {[#]} 20. Nd4 (20. Bb4 $1 $16) 20... Bxd4 $1 $14 21. exd4 Ne4 $1 {Strongly threatening ...Qg5.} 22. d5 Bd7 (22... Nxc3 $11 23. bxc3 Bd7) 23. Bh5 (23. Rfe1 $16) 23... Qh4 $15 24. Bf3 Nxc3 25. bxc3 Ba4 26. Qb2 {Hoping for Rd4.} Bxd1 27. Rxd1 b5 28. d6 {[%cal Bd5d6,Bd6d7][%mdl 32]} Qf6 29. d7 Rc7 {Threatens to win with ...Rd8.} 30. Bh5 Rd8 31. Be8 Rxc3 32. Qb4 Rc2 (32... Rc4 $15 33. Qa3 Rc2) 33. Rd6 $11 {The position is equal.} Qe5 {[#] ( -> ...Rc1+)} 34. Rxh6+ $1 {[%mdl 512]} gxh6 (34... Kg8 $5 35. Qb3+ $8 Rc4 36. Rxa6 Qe1+ 37. Kh2 Qxf2 $11) 35. Qf8+ Kh7 {[%cal Rc2c1]} 36. Qf7+ Kh8 {[%cal Rc2c1]} 37. Qf8+ Kh7 {[%cal Rc2c1]} 38. Qf7+ Kh8 {Precision: White = 49%, Black = 59%.} 1/2-1/2

[Event "Negros Open 2017"]
[Site "Bacolod City"]
[Date "2017.10.13"]
[Round "3"]
[White "Garma, Chito"]
[Black "Nguyen, Duc Hoa"]
[Result "1/2-1/2"]
[WhiteElo "2327"]
[BlackElo "2499"]
[Annotator "TA"]
[PlyCount "127"]
[EventDate "2017.??.??"]
[EventType "swiss"]
[EventCountry "PHI"]
[SourceTitle "playchess.com"]
[Source "ChessBase"]
[SourceQuality "1"]

{[%evp 21,127,0,0,-6,4,4,1,0,3,0,0,0,0,-14,-9,-17,0,0,0,0,0,-17,0,0,0,-10,-12,-11,-1,-47,-41,-48,-48,-50,-61,-95,-92,-92,-84,-95,-85,-93,-83,-92,-85,-89,-45,-52,-41,-41,-41,-41,-41,-41,-8,-41,-11,-11,-11,-22,0,0,0,0,0,0,0,0,0,0,0,0,0,0,0,0,0,0,0,0,0,-8,0,0,0,0,0,-8,-8,-8,-8,-8,-8,-8,0,-8,0,0,0,0,0,0,0,0,0,0,0,0]} 1. e4 c5 2. Nf3 e6 3. c4 Nc6 4. d4 cxd4 5. Nxd4 Nf6 6. Nc3 Bb4 7. Nxc6 dxc6 8. Qxd8+ Kxd8 9. Bd2 e5 10. O-O-O Kc7 {B44: Sicilian: Taimanov: 5 Nb5} 11. f3 Bc5 {LiveBook: 3 Games} 12. b4 (12. Na4 Bd4 13. Bc3 Bxc3 14. Nxc3 Be6 15. Be2 Rad8 16. Rd2 g5 {0-1 (91) Foo,B (2183)-Jumabayev,R (2599) London 2015}) 12... Bf2 $146 ({Predecessor:} 12... Be7 13. Na4 Be6 14. Bc3 Nd7 15. Be2 f6 16. Kc2 Rhb8 17. Kb1 b6 {0-1 (42) Dochev,D (2295)-Zvjaginsev,V (2445) Cappelle-la-Grande 1993}) 13. Bd3 a5 14. bxa5 Nd7 15. Na4 Nc5 16. Nxc5 Bxc5 17. f4 Bg4 18. Rde1 Rhd8 19. Kc2 exf4 20. Bxf4+ Kc8 21. Bd2 Be6 22. Rb1 Rd7 23. a4 Be7 24. Bc3 Bf6 25. Bb4 Bd8 26. Bc3 g6 27. a6 Rxa6 28. a5 Bxa5 29. c5 Ra7 30. Ra1 {[#]} Bb3+ $1 {[%mdl 512]} 31. Kb2 (31. Kxb3 Rxd3) 31... Bxc3+ 32. Kxc3 Rxa1 33. Rxa1 $17 {[%mdl 4096] Endgame KRB-KRB} Kb8 34. g4 h6 35. h4 Be6 36. g5 hxg5 37. hxg5 Rd8 38. Rh1 Kc7 39. Bc4 {The position is equal.} Bxc4 40. Kxc4 $11 {KR-KR} b5+ 41. cxb6+ Kxb6 42. Rb1+ Kc7 43. Rf1 Rd7 44. Kc5 Re7 45. Rf6 Re5+ 46. Kd4 Rxg5 47. Rxf7+ Kb6 48. e5 Rg4+ 49. Ke3 Rg1 50. Kd4 Rd1+ 51. Kc4 Rc1+ 52. Kd4 c5+ 53. Kd5 Rd1+ 54. Kc4 Rd4+ 55. Kc3 g5 56. Rg7 g4 57. e6 Kc6 58. Rg5 Kd6 {[#]} 59. Re5 $3 {[%mdl 512] Hoping for e7!} Ke7 {And now ...Rd1 would win.} (59... Kxe5 $2 {loses.} 60. e7 $18) 60. Rxc5 Rf4 61. Re5 g3 62. Rg5 Rf3+ 63. Kd4 Kxe6 64. Ke4 {Precision: White = 72%, Black = 60%.} 1/2-1/2

[Event "Negros Open 2017"]
[Site "Bacolod City"]
[Date "2017.10.13"]
[Round "3"]
[White "Roque, Merben"]
[Black "Antonio, Rogelio Jr"]
[Result "0-1"]
[WhiteElo "2309"]
[BlackElo "2365"]
[Annotator "TA"]
[PlyCount "96"]
[EventDate "2017.??.??"]
[EventType "swiss"]
[EventCountry "PHI"]
[SourceTitle "playchess.com"]
[Source "ChessBase"]
[SourceQuality "1"]

{[%evp 28,96,19,0,33,29,57,53,50,23,24,0,43,37,40,-31,-18,-24,-19,-29,-15,-58,-21,-184,-198,-181,-176,-179,-184,-172,-187,-208,-196,-473,-202,-286,-222,-219,-183,-229,-220,-221,-229,-228,-228,-224,-214,-221,-218,-222,-196,-424,-399,-487,-294,-564,-390,-508,-219,-958,-839,-5137,-4714,-6701,-7116,-29977,-29978,-29975,-29977,-29967,-29966]} 1. e4 c6 2. d4 d5 3. Nd2 {[%cal Bb1d2,Bd2e4,Be4g5][%mdl 32]} dxe4 4. Nxe4 Nd7 5. Ng5 Ngf6 6. Bd3 e6 7. N1f3 Bd6 8. Qe2 h6 9. Ne4 Nxe4 10. Qxe4 Qc7 11. Bd2 b6 12. O-O-O {B17: Caro-Kann: Modern Line (4...Nd7)} Bb7 13. Qe2 O-O-O 14. Ba6 Rhe8 15. Bc3 {[#] LiveBook: 5 Games} f5 $146 ({Predecessor:} 15... Nf6 16. g3 Nd5 17. Bd2 c5 18. Kb1 Bxa6 19. Qxa6+ Kb8 {0-1 (46) Kujawski,A (2325)-Wojtaszek,R (2711) Warsaw 2013}) 16. Rhe1 Nf6 17. Bd3 Kb8 18. Ne5 g5 19. g3 Nd5 (19... Bxe5 $5 20. dxe5 Nd5 $11) 20. Bd2 c5 21. Bb5 (21. dxc5 $14 Bxc5 22. Bb5) 21... cxd4 $15 22. Bxe8 Rxe8 23. Kb1 Nf6 24. Nd3 g4 {[%mdl 1024] Strongly threatening ...Bf3. Black has compensation.} 25. Rc1 $2 (25. Bb4 $1 $11 {and White is okay.}) 25... Bf3 $1 $19 {[%cal Rf3e2]} 26. Qf1 Ne4 $1 $36 {[%cal Re4d2][%mdl 2048] Keeping White busy.} 27. Bb4 a5 28. Bxd6 Qxd6 29. Re2 e5 {[%cal Be6e5,Be5e4][%mdl 32]} 30. Ne1 $2 {[#]} (30. Ka1 {was worth a try.}) 30... Rc8 (30... Bxe2 $2 31. Qxe2 Qb4 32. Ka1 $19) (30... Nc3+ $142 $1 {[%mdl 512]} 31. bxc3 Bd5) 31. Ka1 (31. Nd3 $142) 31... Bxe2 32. Qxe2 Nc5 33. Nd3 Nxd3 34. Qxd3 {[%mdl 4096] Endgame KQR-KQR} e4 35. Qd2 Kb7 36. Kb1 Rc6 37. Rd1 {[#]} Qc5 $1 38. a3 Rd6 39. Qe2 $2 (39. Rc1) 39... b5 40. Rh1 Rb6 41. h3 $2 (41. Rc1 {might work better.}) 41... gxh3 42. Rxh3 Qc4 (42... b4 $142 43. a4 b3) 43. Qe1 $2 (43. Qxc4 bxc4 44. Kc1) 43... d3 44. cxd3 Qxd3+ 45. Ka2 b4 {[%cal Bb5b4,Bb4a3][%mdl 32]} 46. Qc1 Rc6 {Black mates.} 47. Qb1 Rc2 {[%csl Gb4][%cal Rd3a3]} 48. Ka1 bxa3 {Precision: White = 22%, Black = 57%.} 0-1

[Event "Negros Open 2017"]
[Site "Bacolod City"]
[Date "2017.10.14"]
[Round "4"]
[White "Short, Nigel D"]
[Black "Yap, Kim Steven"]
[Result "1-0"]
[WhiteElo "2698"]
[BlackElo "2361"]
[Annotator "TA"]
[PlyCount "77"]
[EventDate "2017.??.??"]
[EventType "swiss"]
[EventCountry "PHI"]
[SourceTitle "playchess.com"]
[Source "ChessBase"]
[SourceQuality "1"]

{[%evp 15,77,22,39,6,30,21,22,20,36,33,35,28,27,16,27,25,36,34,57,34,47,41,65,62,64,49,76,49,45,53,34,36,54,61,41,23,28,14,89,83,79,76,205,189,212,189,270,283,280,273,287,295,243,261,334,343,485,410,868,888,856,868,858,863]} 1. d4 Nf6 2. Nf3 g6 3. Bg5 Bg7 4. c3 O-O 5. Nbd2 h6 6. Bh4 d6 7. e4 Nc6 8. Be2 Nh5 {LiveBook: 13 Games. A48: 1 d4 Nf6 2 Nf3 g6: Torre, London and Colle Systems} 9. d5 (9. O-O Nf4 10. Bb5 a6 11. Ba4 Bd7 12. Bg3 Nh5 13. Re1 e6 14. Bb3 e5 15. dxe5 Nxg3 16. hxg3 Nxe5 {½-½ (39) Kamsky,G (2673)-Savchenko,B (2610) Moscow 2016}) 9... Nb8 10. O-O Nd7 $146 {The position is equal.} ({Predecessor:} 10... Nf4 11. Bc4 g5 12. Bg3 e5 13. dxe6 fxe6 14. Qb3 Qe8 15. Nd4 Nc6 16. Bxf4 Bxd4 17. cxd4 Rxf4 {1-0 (55) Houska,M (2265)-Ledger,D (2235) England 1996}) 11. Re1 a6 12. Nd4 Nf4 13. Bf1 Ne5 14. N2b3 c5 15. dxc6 bxc6 16. Bg3 g5 17. Qd2 Nfg6 18. Nf5 Rb8 19. Nxg7 Kxg7 20. Nd4 $1 e6 21. b4 c5 22. Nb3 cxb4 23. cxb4 Qb6 $1 24. a3 Bd7 25. Kh1 Rfc8 26. f3 Ba4 (26... Bb5 $11) 27. Bf2 $16 Qd8 28. Nd4 Nc4 {[#]} (28... Ra8 $16) 29. Qa2 $1 $18 d5 30. Rac1 $40 {[%mdl 128] Black is in trouble.} Nb6 (30... Qf6 {is a better defense.} 31. exd5 (31. Bxc4 dxc4 32. Rxc4 Ne5 $16) 31... exd5 32. Bxc4 dxc4) 31. Bxa6 Rxc1 32. Rxc1 dxe4 33. fxe4 Qf6 34. Rf1 Qe5 35. Bg3 Nf4 (35... Qxd4 $142 36. Bxb8 Nd7) 36. Ne2 {[%cal Re2f4]} Qxe4 (36... Rg8 $142 37. Qd2 Qxe4 38. Nxf4 gxf4) 37. Nxf4 {White is clearly winning.} gxf4 38. Rxf4 Qg6 39. Qa1+ {Precision: White = 77%, Black = 31%.} 1-0

[Event "Negros Open 2017"]
[Site "Bacolod City"]
[Date "2017.10.14"]
[Round "4"]
[White "Narayanan, Srinath"]
[Black "Tran, Minh Thang"]
[Result "1-0"]
[WhiteElo "2511"]
[BlackElo "2352"]
[Annotator "TA"]
[PlyCount "81"]
[EventDate "2017.??.??"]
[EventType "swiss"]
[EventCountry "PHI"]
[SourceTitle "playchess.com"]
[Source "ChessBase"]
[SourceQuality "1"]

{[%evp 23,81,32,33,35,47,45,70,67,60,58,50,4,60,76,59,39,41,45,50,51,158,160,162,132,145,136,168,87,84,47,43,22,47,-32,57,0,66,66,74,61,61,61,66,73,70,73,172,184,183,179,432,424,493,493,486,472,479,477,456,448]} 1. Nf3 Nf6 2. c4 b6 3. g3 Bb7 4. Bg2 e6 5. O-O Be7 6. d4 O-O 7. Re1 c5 8. d5 {E17: Queen's Indian: 4 g3 Bb7 5 Bg2 Be7} exd5 9. Nh4 Ne4 10. cxd5 Bxh4 11. Bxe4 Bf6 12. Nc3 d6 {LiveBook: 48 Games} 13. Bg2 {[#]} Qe7 $146 ({Predecessor:} 13... Nd7 14. Bf4 Qe7 15. Qc2 h6 {0-1 (64) Le,Q (2694)-Nakamura,H (2733) Khanty-Mansiysk 2010}) 14. Ne4 b5 15. Qb3 a6 16. a4 b4 17. g4 {Black should prevent g5.} Bd4 (17... Nd7 $11) 18. Bg5 $14 f6 ({But not} 18... Qe5 $2 19. e3 $18) 19. Bh4 g5 20. Bg3 Be5 21. Bxe5 Qxe5 (21... fxe5 $14 22. Qh3 Nd7) 22. Qg3 $16 Rd8 23. Qxe5 fxe5 24. Nxg5 a5 25. e3 (25. Be4 $18 Rd7 26. Bf5) 25... Nd7 26. Ne6 Rdc8 $1 27. f4 c4 28. g5 (28. Ng5 $14) 28... Nc5 ({Black should try} 28... c3 $15 29. bxc3 Rxc3) 29. f5 (29. fxe5 $14 dxe5 30. Red1) 29... e4 (29... Nb3 $11 30. Rab1 Ba6) 30. Red1 $1 $36 {[%mdl 2048] White fights for an advantage.} c3 31. bxc3 bxc3 {Strongly threatening ...c2.} 32. Nxc5 Rxc5 33. Bxe4 {Threatens to win with Bc2.} c2 34. Rdc1 Re8 (34... Rac8 $16) 35. Bxc2 $18 Rxe3 36. Bd1 $1 {Black must now prevent Rxc5.} Rxd5 $2 {[#]} (36... Bxd5 {is a better defense.} 37. Rab1 h6) 37. Rab1 $1 {[%cal Rb1b7] White is clearly winning.} Rd2 {[%cal Re3e1]} 38. Bh5 Rg2+ {[#]} 39. Kf1 $1 Rxg5 40. Rxb7 {Threatening mate with Rc8+.} Rxf5+ 41. Kg2 {Precision: White = 71%, Black = 35%.} 1-0